000 00543nab a2200157Ia 4500
003 ES-SlBCS
005 20210601135152.0
008 140529s1986 xxu||||| |||| 00| 0 spa d
041 _aspa
100 1 _aFernández Arenaz, Adalberto
_9228772
245 0 0 _aTecnología educativa en la educación de adultos
_c Adalberto Fernández Arenaz, Joaquín Gairín Sallán
650 0 4 _aEducación de Adultos
_9128539
700 1 _aGairín Sallán, Joaquín
_9228773
773 0 _tBordon
_gvol. 38, nº. 263, 1986, págs. 511-518
_wRev1090
942 _cAR
999 _c624015
_d624015